Envisioning information.

Guardat en:
Dades bibliogràfiques
Autor principal: Tufte, Edward Rolf (Autor)
Format: Llibre
Idioma:anglès
Publicat: Cheshire, Connecticut, USA: Graphic Press, 1990.
Matèries:
Etiquetes: Afegir etiqueta
Sense etiquetes, Sigues el primer a etiquetar aquest registre!

MARC

LEADER 00000cam a2200000 a 4500
001 UCD2979
003 CL-VaPUC
005 20230518163114.0
008 160520e19900000us |||||||||||||||||eng|d
020 |a 9780961392116 
040 |c Pontificia Universidad Católica de Valparaíso 
082 0 4 |a 302.23 TUF 1990  |2 21 
100 0 |a Tufte, Edward Rolf  |e author  |9 586375 
245 1 0 |a Envisioning information. 
260 |a Cheshire, Connecticut, USA:  |b Graphic Press,  |c 1990. 
300 |a 126 páginas;   |b  ilustraciones.  
583 |a last modification  |c 20160520 11:34:00  |k Rodrigo Vera 
650 0 |a Comunicación visual   |9 265349 
650 0 |a Medios de comunicación de masas  |9 257273 
942 |c BK  |2 ddc 
945 |d 20160520 11:34:00  |a dcastane 
999 |c 364088  |d 364086 
952 |0 0  |1 0  |3 erd  |4 0  |6 302_230000000000000_TUF_1990  |7 0  |8 A  |9 477000  |a FDOPOS  |b FDOPOS  |i 5287618  |o 302.23 TUF 1990  |p 5287618  |r 2025-01-22  |w 2019-11-24  |y BK  |z Catalogado en:20160520  |k DLA 
952 |0 0  |1 0  |2 ddc  |4 0  |6 302_230000000000000_TUF_1990  |7 0  |8 A  |9 590076  |a BIBCUR  |b BIBCUR  |c GEN  |d 2023-05-18  |e 1  |g 48844.42  |i 5657441  |l 4  |m 1  |o 302.23 TUF 1990  |p 5657441  |r 2025-04-22  |s 2024-12-18  |t 1  |v 48844.42  |w 2023-05-18  |y BK  |k PER